000 00554nam a22001937a 4500
001 sjds
003 sjds
005 20240527132336.0
008 240527b |||||||| |||| 00| 0 spa d
020 _a9780395630631
040 _csjds
100 _aRobleda Moguel, Margarita
245 _aPulgas, el perro de Jose Luis /
_cMargarita Robleda Moguel, Maribel Suarez
260 _aBoston :
_bHoughton Mifflin,
_c1993, c1990
300 _a23 pages :
_bcolor illustrations
440 _a Celebremos la literatura
700 1 _aSuarez, Maribel
942 _cBK
999 _c29835
_d29833